000 00556nam a2200181 4500
999 _c189753
_d189753
005 20220712123021.0
010 _aENG-133477
020 _a9789382711377
_c390.00
035 _aEN-117009
037 _bDBAD/PUB
082 _a338.954
100 _aSen, Sandip
245 _aNeta, Babu & Subsidy/
_cSandip Sen
260 _aNew Delhi
_bVitasta Publishing Pvt. Ltd
_c2014
270 _a2/15, Ansari Road, Daryaganj
_bNew Delhi
_e110002
_minfo@vitastapublishing.com
300 _a232p.
_bIndex
_c22cm(pbk)
942 _2ddc
_cEN
_h338.954
_mSEN